Top 50 Albums from 1999 - Statistics

General Stats
  • This quiz has been taken 2 times
  • The average score is 6 of 50
Answer Stats
Artist Album % Correct
#24: Blur 13
100%
#9: Mr. Bungle California
100%
#8: The Magnetic Fields 69 Love Songs
50%
#1: Sigur Rós Ágætis Byrjun
50%
#37: XTC Apple Venus Volume 1
50%
#34: Jim O'Rourke Eureka
50%
#21: Porcupine Tree Stupid Dream
50%
#23: Wilco Summerteeth
50%
#2: The Flaming Lips The Soft Bulletin
50%
#28: Fiona Apple When the Pawn Hits the Conflicts He Thinks Like a King What He Knows Throws the Blows When He Goes to the Fight and He'll Win the Whole Thing 'fore He Enters the Ring There's No Body to Batter When Your Mind Is Your Might so When You Go Solo, You Hold Your Own Hand and Remember That Depth Is the Greatest of Heights and If You Know Where You Stand, Then You Know Where to Land and If You Fall It Won't Matter, Cuz You'll Know That You're Right
50%
#31: Vladimir Spivakov / Sergej Bezrodny / Dietmar Schwalke / Alexander Malter Alina
0%
#5: American Football American Football
0%
#44: Prince Paul A Prince Among Thieves
0%
#45: Windir Arntor
0%
#13: Immortal At the Heart of Winter
0%
#39: The Olivia Tremor Control Black Foliage: Animation Music Volume 1
0%
#4: Mos Def Black on Both Sides
0%
#29: Gustavo Cerati Bocanada
0%
#41: Orchid Chaos is Me
0%
#16: Yasunori Mitsuda Chrono Cross
0%
#43: The Seatbelts Cowboy Bebop Blue
0%
#48: Koopsta Knicca Da Devil's Playground: Underground Solo
0%
#7: The Dismemberment Plan Emergency & I
0%
#22: Nobuo Uematsu Final Fantasy VIII
0%
#38: Madrugada Industrial Silence
0%
#17: Bonnie 'Prince' Billy I See a Darkness
0%
#26: Anathema Judgement
0%
#6: Built to Spill Keep it Like a Secret
0%
#19: Collegium Vocale Gent / Philippe Herreweghe / Ian Bostridge / Franz-Josef Selig / Sibylla Rubens / Andreas Scholl / Werner Güra / Dietrich Henschel Matthäus-Passion
0%
#25: Dream Theater Metropolis Pt. 2: Scenes From a Memory
0%
#15: Tom Waits Mule Variations
0%
#35: Ensemble Modern Music for 18 Musicians
0%
#14: Coil Musick to Play in the Dark
0%
#20: MF DOOM Operation: Doomsday
0%
#30: Agalloch Pale Folklore
0%
#33: Paysage d'Hiver Paysage d'Hiver
0%
#36: Polish Festival Orchestra / Krystian Zimerman Piano Concertos Nos. 1 & 2
0%
#49: Various Artists Rawkus Presents: Soundbombing II
0%
#50: Café Tacvba Revés / Yosoy
0%
#3: Opeth Still Life
0%
#46: Summoning Stronghold
0%
#40: Gothenburg Symphony Orchestra / Neeme Järvi / Gil Shaham / Adele Anthony Tabula Rasa; Fratres; Symphony No. 3
0%
#27: Rowland S. Howard Teenage Snuff Film
0%
#12: Nine Inch Nails The Fragile
0%
#42: Testament The Gathering
0%
#47: Hans Zimmer The Thin Red Line
0%
#10: The Roots Things Fall Apart
0%
#18: Neurosis Times of Grace
0%
#11: Boredoms Vision Creation Newsun
0%
#32: Botch We Are the Romans
0%
No matching quizzes found
Score Distribution
Percent of People with Each Score
Percentile by Number Answered
Your Score History
You have not taken this quiz